Estados Unidos y los conflictos mundiales

Tallennettuna:
Bibliografiset tiedot
Yhteisötekijä: IEPALA
Aineistotyyppi: Teksti
Julkaistu: Madrid: Fundamentos
Tagit: Lisää tagi
Ei tageja, Lisää ensimmäinen tagi!

MARC

LEADER 00000 a a2200000 04500
001 25498
003
040
020 |a 84-85436-24-9  
090 |a 152804  
110 |a IEPALA  
245 |a Estados Unidos y los conflictos mundiales  
260 |a Madrid:   |b Fundamentos  
300 |a 210 p.  
999 |c 13855  |d 13855